Unit operations of chemical engineering (Record no. 3799)

000 -LEADER
fixed length control field 00652nam a2200241 a 4500
001 - CONTROL NUMBER
control field 3799
003 - CONTROL NUMBER IDENTIFIER
control field BD-DhUET
008 - FIXED-LENGTH DATA ELEMENTS--GENERAL INFORMATION
fixed length control field 850523s1985 nyua b 001 0 eng
020 ## - INTERNATIONAL STANDARD BOOK NUMBER
International Standard Book Number 0070448280
040 ## - CATALOGING SOURCE
Modifying agency BD-DhUET
Transcribing agency 0
082 0# - DEWEY DECIMAL CLASSIFICATION NUMBER
Classification number 660.2842
Item number MCC/1985
100 1# - MAIN ENTRY--PERSONAL NAME
Personal name McCabe, Warren L.
245 10 - TITLE STATEMENT
Title Unit operations of chemical engineering
250 ## - EDITION STATEMENT
Edition statement 4th ed.
260 ## - PUBLICATION, DISTRIBUTION, ETC. (IMPRINT)
Place of publication, distribution, etc. New York
Name of publisher, distributor, etc. McGraw-Hill
Date of publication, distribution, etc. 1985
300 ## - PHYSICAL DESCRIPTION
Extent x, 960 p.
Other physical details ill.
Dimensions 25 cm.
490 1# - SERIES STATEMENT
Series statement McGraw-Hill chemical engineering series
504 ## - BIBLIOGRAPHY, ETC. NOTE
Bibliography, etc Includes bibliographies
650 #0 - SUBJECT ADDED ENTRY--TOPICAL TERM
Topical term or geographic name as entry element Chemical Processer
700 1# - ADDED ENTRY--PERSONAL NAME
Personal name Smith, Julian C.
700 1# - ADDED ENTRY--PERSONAL NAME
Personal name Harriott, Peter.
942 ## - ADDED ENTRY ELEMENTS (KOHA)
Koha item type General Book
Holdings
Location (home branch) Withdrawn status Koha normalized classification for sorting Lost status Piece designation (barcode) Koha item type Koha date last seen Shelving location Koha date last borrowed Koha issues (times borrowed) Copy number Not for loan Damaged status Source of classification or shelving scheme Date acquired Price effective from Koha full call number Sublocation or collection (holding branch)
Central Library, BUET 660_000000000000000_2842MCC198 72739General Book2016-10-23Circulation section  1   2014-11-052014-11-05660.2842/MCC/1985Central Library, BUET
Central Library, BUET 660_000000000000000_2842MCC198 77549General Book2014-11-05Circulation section  2   2014-11-052014-11-05660.2842/MCC/1985Central Library, BUET
Central Library, BUET 660_000000000000000_2842MCC198 77550General Book2018-12-04Circulation section2018-11-1423   2014-11-052014-11-05660.2842/MCC/1985Central Library, BUET
Central Library, BUET 660_284200000000000_MCC_1985 68731Reading Item2015-07-01Reading section  4   2015-07-012015-07-01660.2842/MCC/1985Central Library, BUET
Central Library, BUET 660_284200000000000_MCC_1985 73910Rental Item2024-11-25Rental section  ৪/ক-১   1989-06-272024-11-25660.2842 MCC/1985Central Library, BUET
Central Library, BUET 660_284200000000000_MCC_1985 73911Rental Item2024-11-25Rental section  ৪/ক-২   1989-06-272024-11-25660.2842 MCC/1985Central Library, BUET
Central Library, BUET 660_284200000000000_MCC_1985 73912Rental Item2024-11-25Rental section  ৪/ক-৩   1989-06-272024-11-25660.2842 MCC/1985Central Library, BUET
Central Library, BUET 660_284200000000000_MCC_1985 73913Rental Item2024-11-25Rental section  ৪/ক-৪   1989-06-272024-11-25660.2842 MCC/1985Central Library, BUET
Central Library, BUET 660_284200000000000_MCC_1985 73914Rental Item2024-11-25Rental section  ৪/ক-৫   1989-06-272024-11-25660.2842 MCC/1985Central Library, BUET
Central Library, BUET 660_284200000000000_MCC_1985 73915Rental Item2024-11-25Rental section  ৪/ক-৬   1989-06-272024-11-25660.2842 MCC/1985Central Library, BUET
Central Library, BUET 660_284200000000000_MCC_1985 73916Rental Item2024-11-25Rental section  ৪/ক-৭   1989-06-272024-11-25660.2842 MCC/1985Central Library, BUET
Central Library, BUET 660_284200000000000_MCC_1985 73917Rental Item2024-11-25Rental section  ৪/ক-৮   1989-06-272024-11-25660.2842 MCC/1985Central Library, BUET
Central Library, BUET 660_284200000000000_MCC_1985 73918Rental Item2024-11-25Rental section  ৪/ক-৯   1989-06-272024-11-25660.2842 MCC/1985Central Library, BUET
Central Library, BUET 660_284200000000000_MCC_1985 73919Rental Item2024-11-25Rental section  ৪/ক-১০   1989-06-272024-11-25660.2842 MCC/1985Central Library, BUET
Central Library, BUET 660_284200000000000_MCC_1985 73934Rental Item2024-11-25Rental section  ৪/ক-২৫   1989-06-272024-11-25660.2842 MCC/1985Central Library, BUET
Central Library, BUET 660_284200000000000_MCC_1985 73935Rental Item2024-11-25Rental section  ৪/ক-২৬   1989-06-272024-11-25660.2842 MCC/1985Central Library, BUET